Gilligan's Island Theme Song (Outro) - Statistics

General Stats
  • This quiz has been taken 318 times
    315 since last reset
  • The average score is 55 of 89
Answer Stats
Lyric % Correct
a
90%
a
90%
a
90%
is
89%
the
87%
the
87%
the
87%
The
87%
the
87%
the
87%
the
87%
here
80%
here
80%
here
80%
Gilligan's
78%
on
77%
to
76%
to
76%
to
76%
of
75%
of
75%
Isle.
74%
an
72%
tale
72%
No
71%
no
71%
no
71%
be.
70%
So
70%
So
70%
this
70%
skipper
66%
and
65%
castaways
63%
castaways,
63%
island
63%
for
62%
time.
59%
Not
58%
single
57%
week
57%
as
56%
as
56%
can
56%
long
56%
long
56%
us
56%
get
55%
join
55%
stranded
55%
sure
55%
luxury.
54%
my
54%
seven
54%
smile.
54%
too
54%
motorcar.
53%
primitive
53%
best
52%
best
52%
each
52%
it's
52%
Like
52%
Robinson
52%
make
51%
make
51%
mate
51%
will
51%
first
50%
have
50%
friends
49%
in
49%
phone
49%
their
49%
do
48%
From
48%
They'll
48%
They're
48%
things,
47%
very
46%
you're
46%
lights
45%
tropic
45%
climb.
44%
others
43%
uphill
43%
comfortable
42%
Crusoe,
41%
nest.
39%
No matching quizzes found
Score Distribution
Percent of People with Each Score
Percentile by Number Answered
Your Score History
You have not taken this quiz since the last reset